Trinidad & Tobago Government Cabinet Ministers - Statistics

General Stats
  • This quiz has been taken 2 times
  • The average score is 15 of 24
Answer Stats
Hints Answer % Correct
Finance Davendranath Tancoo
100%
Justice Devesh Maharaj
100%
Works and Infrastructure Jearlean John
100%
Attorney General John Jeremie
100%
Health Lackram Bodoe
100%
Education Michael Dowlath
100%
Homeland Security Roger Alexander
100%
Energy and Energy Industries Roodal Moonilal
100%
Legal Affairs Saddam Hosein
100%
Foreign and CARICOM Affairs Sean Sobers
100%
Defence Wayne Sturge
100%
Public Utilities Barry Padarath
50%
Housing David Lee
50%
Public Administration and Artificial Intelligence Dominic Smith
50%
Transport and Civil Aviation Eli Zakour
50%
Planning, Economic Affairs and Development Kennedy Swaratsingh
50%
Culture and Community Development Michelle Benjamin
50%
Agriculture, Lands and Fisheries Ravi Ratiram
50%
People, Social Development and Family Services Vandana Mohit
50%
Rural Development and Local Government Khadijah Ameen
0%
Labour, Small and Micro Enterprise Development Leroy Baptiste
0%
Sports and Youth Affairs Phillip Watts
0%
Teritary Education and Skills Training Prakash Persad
0%
Trade, Investment and Tourism Satyakama Maharaj
0%
No matching quizzes found
Score Distribution
Percent of People with Each Score
Percentile by Number Answered
Your Score History
You have not taken this quiz